Divine verses/ (Record no. 11713)

MARC details
000 -LEADER
fixed length control field 00581 a2200193 4500
010 ## - LIBRARY OF CONGRESS CONTROL NUMBER
LC control number ENG-89961
020 ## - INTERNATIONAL STANDARD BOOK NUMBER
Terms of availability 150.00
International Standard Book Number 8187757019
035 ## - SYSTEM CONTROL NUMBER
System control number EN-73494
037 ## - SOURCE OF ACQUISITION
Source of stock number/acquisition DBAD / PUB
082 14 - DEWEY DECIMAL CLASSIFICATION NUMBER
Classification number 881
090 ## - LOCALLY ASSIGNED LC-TYPE CALL NUMBER (OCLC); LOCAL CALL NUMBER (OCLC)
-- 12067
-- 12067
100 1# - MAIN ENTRY--PERSONAL NAME
Personal name Das, Nabanidhar
245 1# - TITLE STATEMENT
Title Divine verses/
Statement of responsibility, etc by Nabanidhar Das
260 ## - PUBLICATION, DISTRIBUTION, ETC. (IMPRINT)
Place of publication, distribution, etc Kolkata
Name of publisher, distributor, etc Bingsha Shatabdi
Date of publication, distribution, etc 2007
270 ## - ADDRESS
Address 75/C, Park Stree,
City Kolkata
Telephone number 700016
300 ## - PHYSICAL DESCRIPTION
Extent 64p.
Dimensions 22 cm. (Hb)
942 ## - ADDED ENTRY ELEMENTS (KOHA)
Institution code [OBSOLETE] dpl
Koha item type English Books
Call number prefix 881 / DAS
Holdings
Withdrawn status Lost status Source of classification or shelving scheme Damaged status Not for loan Collection code Home library Current library Source of acquisition Cost, normal purchase price Total Checkouts Full call number Barcode Date last seen Copy number Uniform Resource Identifier Cost, replacement price Price effective from Koha item type
    Dewey Decimal Classification   Not For Loan Non-fiction D.B.Act.Division D.B.Act.Division DBAD/PUB 150.00   881 DAS EN-73494 15/09/2008 1 12828 150.00 15/09/2008 English Books

© Delhi Public Library
Hit Counter
free hit counter